000 00541 a2200181 4500
999 _c41384
_d41384
003 OSt
005 20211227122635.0
008 211227b ||||| |||| 00| 0 eng d
020 _a9789388437691
040 _coclc
082 _a345.5491052
_bNAB/F
100 _98942
_aNabar, B. S
245 _aForensic science in crime investigation /
_cB S Nabar
250 _a3rd ed.
260 _aHyderabad:
_bLaw Sales Corporation,
_c2021.
300 _a398 pages
942 _2ddc
_cBK
_h345.5491052
_iNAB/F
_k345.5491052
_mNAB/F